00227nam a2200097Ia 4500008004100000041000800041100001200049245003900061650001000100999001900110230605s9999 xx 000 0 und d aeng aAnderws aFood and Beverage Service (Mannul) aF. B. c416987d416987